| 000 | 00626nam a2200217 a 4500 | ||
|---|---|---|---|
| 001 | BRCA_5754 | ||
| 005 | 20190320205213.0 | ||
| 008 | 070311s1944----mx-ad####s---#001-0#spa-# | ||
| 041 | _aspa | ||
| 044 | _amx | ||
| 050 | 4 |
_aHG664 _b.T656 _c1944 |
|
| 100 | 1 |
_aTorres Gaitán, Ricardo _914597 |
|
| 245 | 1 | 0 | _aPolítica Monetaria Mexicana. |
| 260 |
_aMéxico _bLibrería Ariel _c1944 |
||
| 300 |
_a289 p. _bils. _c23 cm. |
||
| 500 | _aOriginalmente fue publicado como Tesis, por el autor; índice analítico, gráficas. | ||
| 500 | _aH69 | ||
| 650 | 1 | 4 |
_aPolítica Monetaria. _zMéxico. _914598 |
| 902 | _aGFM | ||
| 942 |
_2lcc _cB |
||
| 999 |
_c5444 _d5444 |
||